000 00427 a2200169 4500
001 144858
040 _cLeonardo Da Vinci
041 _aPortuguês
082 _a928 V865u
_bV865u
100 _aNabokov, Vladimir
_atradução de Mascarenhes, Terezinha Barretti
245 _aUma fotobiografia
260 _bArs Poetica
_c1994
_aSão Paulo
300 _a134p
362 _a19940000
697 _aauto-biografia
942 _cBK
999 _c144858
_d144858